书目信息 |
| 题名: |
说你喜欢我
|
|
| 作者: | 吴炫贞 著 ;郑相熙 , 雪霜 绘 | |
| 分册: | ||
| 出版信息: | 北京 京华出版社 2005.10 |
|
| 页数: | 139页 | |
| 开本: | 21cm | |
| 丛书名: | ||
| 单 册: | ||
| 中图分类: | I312.645 | |
| 科图分类: | ||
| 主题词: | 长篇小说--chang pian xiao shuo--韩国--现代 | |
| 电子资源: | ||
| ISBN: | 7-80724-118-7 | |
| 000 | 01035nam0 2200277 450 | |
| 001 | 012008409734 | |
| 005 | 20080316173809.35 | |
| 010 | @a7-80724-118-7@dCNY22.00 | |
| 100 | @a20080316d2005 km y0chiy0120 ea | |
| 101 | 1 | @achi@ckor |
| 102 | @aCN@b110000 | |
| 105 | @aa z 000ay | |
| 106 | @ar | |
| 200 | 1 | @a说你喜欢我@Ashuo ni xi huan wo@f(韩) 吴炫贞著@F(han)wu xuan zhen zhu@g(韩) 郑相熙绘, 雪霜译@G(han)zheng xiang xi hui,xue shuang yi |
| 210 | @a北京@c京华出版社@d2005.10 | |
| 215 | @a139页@c图@d21cm | |
| 300 | @a韩国第2代网络青春小说 | |
| 312 | @a封面有韩语题名。 | |
| 330 | @a“我们的玩具熊,四岁那年从你那里抢过来的那个玩具熊。到现在,我还每天都抱着它睡。”他的声音也在颤抖。不,不知道是不是真的颤抖,可是我的耳朵就是听见他颤抖的声音…… | |
| 606 | 0 | @a长篇小说@Achang pian xiao shuo@y韩国@z现代 |
| 690 | @aI312.645@v4 | |
| 701 | 0 | @a吴炫贞@Awu xuan zhen@4著 |
| 702 | 0 | @a郑相熙@Azheng xiang xi@4绘 |
| 702 | 0 | @a雪霜@Axue shuang@4译 |
| 801 | 0 | @aCN@bQSSK@c20080316 |
| 905 | @b20285929-32@dI312.645@eW899@f4 | |
| 说你喜欢我/(韩) 吴炫贞著/(韩) 郑相熙绘, 雪霜译.-北京:京华出版社,2005.10 |
| 139页:图;21cm |
| 韩国第2代网络青春小说 |
| ISBN 7-80724-118-7:CNY22.00 |
| “我们的玩具熊,四岁那年从你那里抢过来的那个玩具熊。到现在,我还每天都抱着它睡。”他的声音也在颤抖。不,不知道是不是真的颤抖,可是我的耳朵就是听见他颤抖的声音…… |
| ● |
| 相关链接 |
|
|
|
正题名:说你喜欢我
索取号:I312.645/W899
 
预约/预借
| 序号 | 登录号 | 条形码 | 馆藏地/架位号 | 状态 | 备注 |
| 1 | 285929 | 202859291 | 社科二线422/422社科库 4排2列5层/ [索取号:I312.645/W899] | 在馆 | |
| 2 | 285930 | 202859308 | 社科二线400B/116文学库 13排6列2层/ [索取号:I312.645/W899] | 在馆 | |
| 3 | 285931 | 202859317 | 社科二线422/422社科库 29排1列3层/ [索取号:I312.645/W899] | 在馆 | |
| 4 | 285932 | 202859326 | 社科二线422/422社科库 29排1列3层/ [索取号:I312.645/W899] | 在馆 |